书目信息 |
| 题名: |
相控阵天线理论与分析
|
|
| 作者: | Amitay , 阿米特 著 ;陆雷 译 | |
| 分册: | ||
| 出版信息: | 北京 国防工业出版社 1978 |
|
| 页数: | 465页 | |
| 开本: | 20cm | |
| 丛书名: | ||
| 单 册: | ||
| 中图分类: | TN821 | |
| 科图分类: | ||
| 主题词: | 相控阵天线 | |
| 电子资源: | ||
| ISBN: | ||
| 000 | 00813nam0 2200265 45 | |
| 001 | 0178002038 | |
| 005 | 20060920145914.37 | |
| 010 | @dCNY1.85 | |
| 091 | @a15034.1642 | |
| 100 | @a19950728d1978 em y0chiy0121 ea | |
| 101 | 1 | @achi@ceng |
| 102 | @aCN@b110000 | |
| 105 | @ay z 000yy | |
| 200 | 10 | @a相控阵天线理论与分析@Axiang kong zhen tian xian li lun yu fen xi@f(美)阿米特(N.Amitay)等著@g陆雷译 |
| 210 | @a北京@c国防工业出版社@d1978 | |
| 215 | @a465页@d20cm | |
| 300 | @a书名原文:Theory and analysis of phased array antennas | |
| 510 | 1 | @aTheory and analysis of phased array antennas@zeng |
| 606 | @a相控阵天线 | |
| 690 | @aTN821@v3 | |
| 701 | A1 | @aAmitay@bN.@4著 |
| 701 | 1 | @a阿米特@Aa mi te@bN.@4著 |
| 702 | 0 | @a陆雷@Alu lei@4译 |
| 801 | 0 | @aCN@bTSSF@c20060920 |
| 905 | @a10447@dTN821@e12 | |
| 相控阵天线理论与分析/(美)阿米特(N.Amitay)等著/陆雷译.-北京:国防工业出版社,1978 |
| 465页;20cm |
| 书名原文:Theory and analysis of phased array antennas |
| ISBN :CNY1.85 |
| ● |
| 相关链接 |
|
|
|
|
正题名:相控阵天线理论与分析
索取号:TN821/12
 
预约/预借
| 序号 | 登录号 | 条形码 | 馆藏地/架位号 | 状态 | 备注 |
| 1 | 0423007 | 204230073 | 密集书库/ [索取号:TN821/12] | 在馆 | |
| 2 | 0439032 | 204390328 | 密集书库/ [索取号:TN821/12] | 在馆 | |
| 3 | 0458030 | 204580300 | 密集书库/ [索取号:TN821/12] | 在馆 |